000
00345 a2200169 4500
001
184193
020
_a
85-16-01107-0
040
_c
Magnum
100
_a
Bandeira, Pedro
240
1
0
_a
Anjo da morte
_l
por
245
1
0
_a
Anjo da morte
300
_a
142
362
0
_a
1997
440
1
_a
Moderna
697
_a
LITERATURA JUVENIL
942
_c
BK
999
_c
184193
_d
184193